| 000 | 00356nam a2200133Ia 4500 | ||
|---|---|---|---|
| 005 | 20251222142031.0 | ||
| 008 | 251222s9999||||xx |||||||||||||| ||spa|| | ||
| 020 | _a978-612-4118-01-2 | ||
| 082 | _a343.071/N82 | ||
| 100 | _aNorthcote Sandoval, Cristhian | ||
| 245 | 0 | _aEl Libro de Reclamaciones y Obligaciones Conexas | |
| 264 | _bPacĂfico | ||
| 942 | _cLIB | ||
| 999 |
_c10984 _d10984 |
||